000 00348nam a2200133Ia 4500
005 20260326100046.0
008 260326s9999||||xx |||||||||||||| ||und||
100 _aArnheim, Rudolf
245 0 _aLa Forma Visual de la Arquitectura /
_cRudolf Arnheim
260 _bGustavo Gili
300 _a229 p.
650 _aARQUITECTURA - ELEMENTOS
942 _cBK
999 _c7195
_d7195